Caricamento...

Clinical Biochemisty of Domestic Animals

Dettagli Bibliografici
Autore principale: J Jerry Kaneko
Natura: Printed Book
Lingua:Undetermined
Pubblicazione: Harcout Brace & Company 1997
U S A
Edizione:5th
Soggetti:
LEADER 00657nam a2200229Ia 4500
008 141122s9999 xx 000 0 und d
040 |c . 
041 |a English 
082 |a 572 
082 |b KAN/Cl 
100 |a J Jerry Kaneko 
245 |a Clinical Biochemisty of Domestic Animals 
245 |c J Jerry Kaneko 
250 |a 5th  
260 |b Harcout Brace & Company 
260 |b U S A 
260 |c 1997 
300 |a 928 Pages 
650 |a Biochemistry 
942 |c BK 
999 |c 1185  |d 1185 
952 |0 0  |1 0  |4 0  |6 572_000000000000000_KANCL  |7 0  |9 1175  |a COVAS  |b COVAS  |d 0000-00-00  |l 1  |m 1  |o 572 KAN/Cl  |p 16196  |r 2018-04-16  |s 2018-03-26  |w 2014-11-26  |y BK